Filmographie de Jacob Elordi - Statistiques

Statistiques générales
  • Ce quiz a été pris 3 fois
  • Le résultat moyen est 4 sur 26
Statistiques - réponses
Hint Réponse % Correct
Séries télévisées 2019-2026 Euphoria
100%
Long-métrage 2025 Frankenstein
50%
Long-métrage 2023 Saltburn
50%
Long-métrage 2018 The Kissing Booth
50%
Long-métrage 2020 The Kissing Booth 2
50%
Long-métrage 2021 The Kissing Booth 3
50%
Long-métrage 2020 2 Hearts
0%
Téléfilms 2020 Acting for a Cause
0%
Long-métrage 2019 Bad Dream
0%
Court-métrage 2015 Carpe Liam
0%
Publicité 2024 Chanel N°5
0%
Clip 2025 Day One de Bon Iver
0%
Long-métrage 2022 Eaux profondes
0%
Long-métrage 2023 He Went That Way
0%
Long-métrage 2026 Hurlevent
0%
Long-métrage 2024 Les Indomptés
0%
Long-métrage 2016 Max & Iosefa
0%
Long-métrage 2024 Oh, Canada
0%
Long-métrage 2017 Pirates des Caraïbes : La Vengeance de Salazar
0%
Long-métrage 2023 Priscilla
0%
Long-métrage 2018 Sweet Seventies
0%
Long-métrage 2026 The Dog Stars
0%
Long-métrage 2019 The Mortuary Collection
0%
Séries télévisées 2025 The Narrow Road to the Deep North
0%
Long-métrage 2023 The Sweet East
0%
Long-métrage 2020 The Very Excellent Mr. Dundee
0%
Aucun quiz correspondant
Distribution des résultats
% des personnes avec chaque résultat
Percentile par nombre de réponses
Votre historique - résultats
Vous n’avez pas pris ce quiz